000 00707nam a2200277Ia 4500
003 OSt
005 20220912151546.0
006 a|||||r|||| 00| 0
007 ta
008 220909b |||||||| |||| 00| 0 eng d
024 _a46092
037 _cTextual
040 _aCSL
_beng
_cCSL
041 _aeng
082 _aH1:82, N2
100 _aPrice G D Ed.
245 0 _aStability of minerals
260 _aLondon
_bChapman & Hall
_c1992
300 _a368p.
_ccm.
490 _aMineralogical Society Series; 3
650 _a Mineralogy
650 _aGeology
700 _a Ross N L Ed.
942 _hH1:82, N2
_cTEXL
_2CC
999 _c71320
_d71320